|
|
|
|
| LEADER |
00000nam0a2200000 4500 |
| 001 |
268679 |
| 005 |
20231101234205.0 |
| 035 |
|
|
|a (RuTPU)RU\TPU\book\291832
|
| 090 |
|
|
|a 268679
|
| 100 |
|
|
|a 20140905d1986 k y0rusy50 ca
|
| 101 |
0 |
|
|a rus
|
| 102 |
|
|
|a RU
|
| 105 |
|
|
|a a z 001zy
|
| 200 |
1 |
|
|a Функции Ляпунова и их применения
|f Академия наук СССР (АН СССР), Сибирское отделение (СО), Иркутский вычислительный центр (ИВЦ) ; под ред. В. М. Матросов ; под ред. А. И. Маликова
|
| 210 |
|
|
|a Новосибирск
|c Наука
|d 1986
|
| 215 |
|
|
|a 248 с.
|c ил.
|
| 320 |
|
|
|a Библиогр. в конце ст.
|
| 606 |
1 |
|
|a Дифференциальные уравнения
|2 stltpush
|3 (RuTPU)RU\TPU\subj\9693
|9 36875
|
| 610 |
1 |
|
|a функции Ляпунова
|
| 610 |
1 |
|
|a применение
|
| 610 |
1 |
|
|a устойчивость
|
| 610 |
1 |
|
|a векторные функции
|
| 610 |
1 |
|
|a построение
|
| 610 |
1 |
|
|a задачи устойчивости
|
| 610 |
1 |
|
|a решение
|
| 675 |
|
|
|a 517.92
|v 3
|
| 702 |
|
1 |
|a Матросов
|b В. М.
|4 340
|
| 702 |
|
1 |
|a Маликов
|b А. И.
|4 340
|
| 712 |
0 |
2 |
|a Академия наук СССР (АН СССР)
|b Сибирское отделение (СО)
|b Иркутский вычислительный центр (ИВЦ)
|2 stltpush
|3 (RuTPU)RU\TPU\col\10610
|
| 801 |
|
1 |
|a RU
|b 63413507
|c 20140905
|
| 801 |
|
2 |
|a RU
|b 63413507
|c 20150626
|g RCR
|
| 942 |
|
|
|c BK
|